Human behavior in the social envrionment : mezzo and macro context

I tiakina i:
Ngā taipitopito rārangi puna kōrero
Kaituhi matua: ROGERS, Anissa Taun
Hōputu: Pukapuka
Reo:Ingarihi
I whakaputaina: Routledge 2020
Tags: Tāpirihia he Tūtohu
No Tags, Be the first to tag this record!

MARC

LEADER 00000nam a22000007a 4500
008 230911b |||||||| |||| 00| 0 eng d
100 |a ROGERS, Anissa Taun 
245 |a Human behavior in the social envrionment  |b  : mezzo and macro context   |c / Anissa Taun Rogers.  |e New directions in social work  |g xxii,612p 
260 |b Routledge  |c 2020  |h New York   |i 700594   |i 700594  |l HV40.R63  |m Social service- Psychological aspects  |m Developmental psychology  |m Social psychology  |m Human behaviour 
500 |a it includes references and index 
942 |a lcc  |c BK  |e Johnson  |f 11/09/23 
952 |0 0  |1 0  |2 lcc  |4 0  |6 HV0040 R63  |7 0  |9 4456  |a SSL  |b HOL  |c GJ  |d 2023-09-11  |l 0  |o HV40.R63  |p 2023-0377  |r 2023-09-11 00:00:00  |t 700593  |w 2023-09-11  |y BK 
952 |0 0  |1 0  |2 lcc  |4 0  |6 HV0040 R63  |7 0  |9 4457  |a SSL  |b HOL  |c GJ  |d 2023-09-11  |l 0  |o HV40.R63  |p 2023-0378  |r 2023-09-11 00:00:00  |t 700594  |w 2023-09-11  |y BK 
999 |c 2235  |d 2235